Größte Städte Polens - Statistiken

Allgemein
  • Dieses Quiz wurde 7.734 mal gespielt
    6.722 seit der letzten Aktualisierung
  • Das Durchschnittsergebnis liegt bei 7 aus 15
Antwortstatistiken
Bevölkerung Stadt % Korrekt
1.790.658 Warschau
100%
779.115 Krakau
86%
470.907 Danzig
82%
642.869 Breslau
63%
534.813 Posen
55%
679.941 Lodsch
54%
401.907 Stettin
54%
292.774 Kattowitz
45%
339.784 Lublin
28%
246.348 Gdingen
23%
297.554 Białystok
22%
348.190 Bromberg
19%
220.433 Tschenstochau
14%
201.447 Thorn
13%
211.371 Radom
10%
Keine übereinstimmenden Quizze gefunden
Verteilung der Resultate
Anzahl Personen mit jedem Resultat
Perzentil nach korrekt beantworteten Fragen
Ihre Resultats-Entwicklung
Sie haben dieses Quiz seit der letzten Aktualisierung nicht gespielt